La crisis de la izquierda latinoamericana /
Guardat en:
| Autor principal: | |
|---|---|
| Format: | Llibre |
| Idioma: | Spanish |
| Etiquetes: |
Afegir etiqueta
Sense etiquetes, Sigues el primer a etiquetar aquest registre!
|
MARC
| LEADER | 00000nam a22000007a 4500 | ||
|---|---|---|---|
| 003 | cru CIDCACS/IIS | ||
| 005 | 20191024154623.0 | ||
| 007 | ta | ||
| 008 | 191024s2016 cu |||p|r|||| 00| ||spa|d | ||
| 999 | |c 42540 |d 42540 | ||
| 040 | |c cru CIDCACS/IIS | ||
| 100 | 1 | |9 4637 |a Sader, Emir | |
| 245 | 1 | 3 | |a La crisis de la izquierda latinoamericana / |c Emir Sader |
| 300 | |a páginas 2-5 | ||
| 942 | |2 ddc |c PP | ||
| 773 | 0 | |0 41970 |9 2977 |a Centro Memorial Dr. Martin Luther King, Jr |d La Habana, Cuba: Centro Memorial Dr. Martin Luther King, Jr, |o 17963 |t Caminos: |x 10257733 | |
